Normal view
MARC view
- قيادة الجيوش -العلوم العسكرية
Entry Topical Term
001 - CONTROL NUMBER
- control field: 8568
003 - CONTROL NUMBER IDENTIFIER
- control field: JO-AjAnu
005 - DATE AND TIME OF LATEST TRANSACTION
- control field: 20230606071700.0
008 - FIXED-LENGTH DATA ELEMENTS
- fixed length control field: 230606|| aca||aabn | a|a d
040 ## - CATALOGING SOURCE
- Original cataloging agency: JO-AjAnu
- Transcribing agency: JO-AjAnu
150 ## - HEADING--TOPICAL TERM
- Topical term or geographic name entry element: قيادة الجيوش -العلوم العسكرية
670 ## - SOURCE DATA FOUND
- Source citation: Work cat.: (JO-AjAnu)4422: تحرير هيز، صامويل، وليم توماس ؛ ترجمة سامي هاشم , author 8567, تولي القياد: ة فن الفيادة العسكرية وعلمها